Candidats à l'élection présidentielle française en image - Statistiques

Statistiques générales
  • Ce quiz a été pris 58 fois
  • Le résultat moyen est 38 sur 59
Statistiques - réponses
Par images Réponse % Correct
Anne Hidalgo
100%
Emmanuel Macron
100%
Éric Zemmour
100%
François Hollande
100%
Jean Lassalle
100%
Marine Le Pen
100%
Nicolas Sarkozy
100%
Valérie Pécresse
100%
Jean-Luc Mélenchon
98%
Jean-Marie Le Pen
98%
Philippe Poutou
98%
François Fillon
96%
François Mitterrand
96%
Valéry Giscard d'Estaing
96%
François Bayrou
94%
Jacques Chirac
94%
Charles de Gaulle
91%
Eva Joly
91%
Fabien Roussel
91%
Ségolène Royal
91%
Benoît Hamon
89%
Christiane Taubira
89%
Georges Pompidou
89%
Lionel Jospin
87%
Nathalie Arthaud
87%
Nicolas Dupont-Aignan
85%
Yannick Jadot
81%
François Asselineau
79%
Jacques Cheminade
74%
José Bové
74%
Olivier Besancenot
70%
Philippe de Villiers
70%
Édouard Balladur
68%
Robert Hue
66%
Arlette Laguiller
64%
Christine Boutin
62%
Noël Mamère
60%
Georges Marchais
53%
Jean-Pierre Chevènement
51%
Alain Poher
49%
Dominique Voynet
40%
Jacques Chaban-Delmas
40%
Marie-George Buffet
32%
Raymond Barre
32%
Michel Rocard
30%
Alain Madelin
23%
Gérard Schivardi
23%
Corinne Lepage
21%
Antoine Waechter
19%
Frédéric Nihous
19%
Jean Saint-Josse
19%
Daniel Gluckstein
15%
Gaston Defferre
15%
Michel Debré
15%
André Lajoinie
13%
Brice Lalonde
13%
Pierre Juquin
13%
Georges Marrane
6%
Jean Royer
6%
Aucun quiz correspondant
Distribution des résultats
% des personnes avec chaque résultat
Percentile par nombre de réponses
Votre historique - résultats
Vous n’avez pas pris ce quiz